Gatos salvajes / (Record no. 25248)

MARC details
000 -LEADER
fixed length control field 01048nam a2200301Ia 4500
001 - CONTROL NUMBER
control field 793359890
003 - CONTROL NUMBER IDENTIFIER
control field OCoLC
005 - DATE AND TIME OF LATEST TRANSACTION
control field 20210215200211.0
008 - FIXED-LENGTH DATA ELEMENTS--GENERAL INFORMATION
fixed length control field 120509s2008 enka j 001 0 spa d
020 ## - INTERNATIONAL STANDARD BOOK NUMBER
International Standard Book Number 9781407565835
020 ## - INTERNATIONAL STANDARD BOOK NUMBER
International Standard Book Number 1407565834
040 ## - CATALOGING SOURCE
Original cataloging agency JTE
Transcribing agency JTE
041 1# - LANGUAGE CODE
Language code of text/sound track or separate title spa
Language code of original eng
092 0# - LOCALLY ASSIGNED DEWEY CALL NUMBER (OCLC)
Classification number 599.75
Edition number 23
100 1# - MAIN ENTRY--PERSONAL NAME
Personal name Amos, Janine.
240 10 - UNIFORM TITLE
Uniform title <a href="Wild cats.">Wild cats.</a>
Language of a work Spanish.
245 10 - TITLE STATEMENT
Title Gatos salvajes /
Statement of responsibility, etc. [escrito por Janine Amos ; traducido por Marina Bendersky].
260 ## - PUBLICATION, DISTRIBUTION, ETC. (IMPRINT)
Place of publication, distribution, etc. Bath, U.K. :
Name of publisher, distributor, etc. Parragon,
Date of publication, distribution, etc. 2008.
300 ## - PHYSICAL DESCRIPTION
Extent 32 p. :
Other physical details col. ill. ;
Dimensions 23 cm.
490 0# - SERIES STATEMENT
Series statement Lee y descubre.
500 ## - GENERAL NOTE
General note Includes index.
505 0# - FORMATTED CONTENTS NOTE
Formatted contents note Que es un gato salvaje? -- Tipos de gato salvaje -- Mundo salvaje -- Vida salvaje -- El leon -- A la caza -- El tigre -- Alejate! -- El leopardo -- El cuidado de los gatos salvajes -- Test -- Glosario -- Indice.
650 #0 - SUBJECT ADDED ENTRY--TOPICAL TERM
Topical term or geographic name as entry element Felidae
Form subdivision Juvenile literature.
650 #0 - SUBJECT ADDED ENTRY--TOPICAL TERM
Topical term or geographic name as entry element Cats
Form subdivision Juvenile literature.
650 #1 - SUBJECT ADDED ENTRY--TOPICAL TERM
Topical term or geographic name as entry element Spanish language materials.
700 1# - ADDED ENTRY--PERSONAL NAME
Personal name Bendersky, Marina.
942 ## - ADDED ENTRY ELEMENTS (KOHA)
Koha item type Libro/Book
Source of classification or shelving scheme Dewey Decimal Classification
Holdings
Withdrawn status Lost status Damaged status Not for loan Home library Current library Shelving location Date acquired Total Checkouts Full call number Barcode Date last seen Date checked out Price effective from Koha item type Inventory number
        San Juan Del Sur -- Biblioteca San Juan Del Sur -- Biblioteca Children's Area 28/06/2014 12 ESTANTES (ESPANOL) 30005356 20/03/2018 02/03/2018 28/06/2014 Libro/Book  
        San Juan Del Sur -- Mobile San Juan Del Sur -- Mobile   13/03/2025   JNC 30030771 13/03/2025   13/03/2025 Libro/Book inventory date: 13/03/2025

Powered by Koha